| 000 | 00654nam a2200205 a 4500 | ||
|---|---|---|---|
| 001 | 000011600 | ||
| 005 | 20200929162511.0 | ||
| 008 | 091021s2005 dr 000 j spa d | ||
| 020 | _a999343941X | ||
| 040 |
_aDO-SdBNP _bspa _cBNPHU |
||
| 082 |
_aM863.44 _bB327r |
||
| 100 | 1 |
_aBasulto Ortega, José Luis _d1957- _927417 |
|
| 245 | 1 | 0 |
_aRescate en Haití / _cJosé Luis Basulto Ortega. |
| 260 |
_aSanto Domingo : _bEdiciones Librería Trinitaria, _c2005. |
||
| 300 |
_a74 p. ; _c23 cm. |
||
| 590 | _aInventariado, 2020/MFF | ||
| 650 | 4 |
_aCuentos mexicanos _911371 |
|
| 650 | 4 |
_aLiteratura mexicana _91922 |
|
| 910 | _aValidado. Control de calidad MMOLINA | ||
| 999 |
_c11295 _d11295 |
||